000 nam a22 7a 4500
999 _c7758
_d7758
008 171006b xxu||||| |||| 00| 0 eng d
100 _94236
_aQureshi
245 _aBiology-XII
260 _aNew Delhi
_bJPH
_c2009